• 首页
  • 本馆介绍
  • 公告通知
  • 最新文献
  • 馆藏检索
  • 电子资源
  • 读者导购
  • 参考咨询
  • 我的图书馆
  • 登录
  • 详细信息显示
  • 放入我的书架
  • 预约/预借图书
  • 作者相关作品
  • 分类相关作品
  • 丛书相关作品
  • 出版社相关作品

书目信息

  • 表格格式
  • 工作单格式
  • 卡片格式
题名:
思想的锁链
    
 
作者: 乔治 著 ;蓝胤淇 译
分册:  
出版信息: 北京   商务印书馆  2016
页数: 277页
开本: 24cm
丛书名: 国际文化版图研究文库
单 册:
中图分类: D771.269
科图分类:
主题词: 宗教--zong jiao--影响--社会意识形态--研究--美国 , 政党--zheng dang--影响--社会意识形态--研究--美国
电子资源:
ISBN: 978-7-100-12479-9
000 01585nam0 22003251 450
001 0118172218
005 20170618172218.0
010    @a978-7-100-12479-9@dCNY45.00
100    @a20161102d2016 em y0chiy50 ea
101 1  @achi@cfre
102    @aCN@b110000
105    @ay z 001yy
106    @ar
200 1  @a思想的锁链@Asi xiang de suo lian@e宗教与世俗右翼如何改变美国人的思维@f(法)苏珊·乔治著@g蓝胤淇译
210    @a北京@c商务印书馆@d2016
215    @a277页@d24cm
225 2  @a国际文化版图研究文库@Aguo ji wen hua ban tu yan jiu wen ku@f颜子悦主编
305    @a版权归北京颜子悦文化艺术工作室所有
312    @a版权页法文题名:La pensée enchainée: comment les droites laique et religieuse se sont emparées de l'Amérique
330    @a本书在对美国社会和政治文化长达数十年的转变进行了饶有兴味的、彻底的并且时常令人胆寒的描述。内容分为五章:为初学者制造常识或文化霸权;外交事务;美国宗教右翼及其经过机构与制度的长征;消灭启蒙运动:对知识的攻击;游说团体、走廊和权力席位。
461  0 @12001 @a国际文化版图研究文库
510 1  @aPensée enchainée@ecomment les droites laique et religieuse se sont emparées de l'Amérique@zfre
517 1  @a宗教与世俗右翼如何改变美国人的思维@Azong jiao yu shi su you yi ru he gai bian mei guo ren de si wei
606 0  @a宗教@Azong jiao@x影响@x社会意识形态@x研究@y美国
606 0  @a政党@Azheng dang@x影响@x社会意识形态@x研究@y美国
690    @aD771.269@v5
701  0 @c(法)@a乔治@Aqiao zhi@c(George, Susan)@4著
702  0 @a蓝胤淇@Alan yin qi@4译
801  0 @aCN@bTANGWEI@c20170615
905    @b1008789-94@dD771.269@e414@f6
    
    思想的锁链:宗教与世俗右翼如何改变美国人的思维/(法)苏珊·乔治著/蓝胤淇译.-北京:商务印书馆,2016
    277页;24cm.-(国际文化版图研究文库/颜子悦主编)
    
    
    ISBN 978-7-100-12479-9:CNY45.00
    本书在对美国社会和政治文化长达数十年的转变进行了饶有兴味的、彻底的并且时常令人胆寒的描述。内容分为五章:为初学者制造常识或文化霸权;外交事务;美国宗教右翼及其经过机构与制度的长征;消灭启蒙运动:对知识的攻击;游说团体、走廊和权力席位。
●
相关链接 在E读中查询图书 在五车中查询图书 在当当中查询图书 在豆瓣中查询图书


正题名:思想的锁链     索取号:D771.269/414         预约/预借

序号 登录号 条形码 馆藏地/架位号 状态 备注
1 1008789   210087895   第一样本阅览室/ [索取号:D771.269/414] 在馆    
2 1008790   210087902   教育系资料室/ [索取号:D771.269/414] 在馆    
3 1008791   210087911   教育系资料室/ [索取号:D771.269/414] 在馆    
4 1008792   210087920   教育系资料室/ [索取号:D771.269/414] 在馆    
5 1008793   210087939   第一借阅区/ [索取号:D771.269/414] 在馆    
6 1008794   210087948   第一借阅区/ [索取号:D771.269/414] 在馆    
唐山师范学院图书馆 欢迎您!
大连网信软件有限公司© 版权所有